Phlabiou Iosepou ta euriskomena (Record no. 156441)
[ view plain ]
| 000 -LEADER | |
|---|---|
| campo de control de longitud fija | 00809nam a22002295i 4500 |
| 001 - NÚMERO DE CONTROL | |
| campo de control | 156441 |
| 003 - IDENTIFICADOR DE NÚMERO DE CONTROL | |
| campo de control | ES-MaACL |
| 005 - FECHA Y HORA DE LA ÚLTIMA TRANSACCIÓN | |
| campo de control | 20230906210417.0 |
| 008 - DATOS DE LONGITUD FIJA--INFORMACIÓN GENERAL | |
| campo de control de longitud fija | 990713m18451947fr |||| | lat d |
| 040 ## - FUENTE DE CATALOGACIÓN | |
| Centro catalogador/agencia de origen | AN |
| Lengua de catalogación | spa |
| Centro/agencia transcriptor | AN |
| 100 0# - ENTRADA PRINCIPAL--NOMBRE DE PERSONA | |
| Nombre de persona | Josefo, Flavio. |
| 9 (RLIN) | 66979 |
| 245 10 - MENCIÓN DEL TÍTULO | |
| Título | Phlabiou Iosepou ta euriskomena |
| Resto del título | : = Flavii Josephi Opera : graece et latine / |
| Mención de responsabilidad, etc. | recognovit Guilelmus Dindorfius. |
| 260 ## - PUBLICACIÓN, DISTRIBUCIÓN, ETC. | |
| Lugar de publicación, distribución, etc. | Parisiis : |
| Nombre del editor, distribuidor, etc. | editore Ambrosio Firmin Didot, |
| Fecha de publicación, distribución, etc. | 1845-1847. |
| 300 ## - DESCRIPCIÓN FÍSICA | |
| Extensión | 2 v. ; |
| Dimensiones | 27 cm. |
| 490 1# - MENCIÓN DE SERIE | |
| Mención de serie | Scriptorum graecorum bibliotheca |
| 597 ## - NOTA DE DESCRIPCIÓN FÍSICA | |
| NOTA DE DESCRIPCIÓN FÍSICA | Texto paralelo en griego y latín a dos col. |
| 700 1# - ENTRADA AGREGADA--NOMBRE PERSONAL | |
| Nombre de persona | Dindorf, Wilhelm ( |
| Fechas asociadas al nombre | 1802-1883) |
| 9 (RLIN) | 158580 |
| 830 0# - PUNTO DE ACCESO ADICIONAL DE SERIE-TÍTULO UNIFORME | |
| Título uniforme | Scriptorum graecorum bibliotheca |
| 9 (RLIN) | 182435 |
| 852 ## - LOCALIZACIÓN | |
| Ubicación | ES-MaACL |
| Número de control de estantería | B-2497-98 |
| Nota libre | -- Enc. hol. |
| Estatus retirado | Estado de pérdida | Estado de daño | No para préstamo | Colección | Biblioteca de origen | Biblioteca actual | Ubicación en estantería | Fecha de adquisición | Total de préstamos | Signatura topográfica completa | Código de barras | Visto por última vez | Precio de reemplazo | Tipo de ítem Koha |
|---|---|---|---|---|---|---|---|---|---|---|---|---|---|---|
| Libros del s. XIX | Biblioteca del Ateneo de Madrid | Biblioteca del Ateneo de Madrid | Sala Pardo Bazán | 17/01/2008 | B-2497-98 | 1163671 | 23/02/2023 | 23/02/2023 | Libro impreso antiguo |
